000 00399nam a2200193Ia 4500
001 11561
003 GE_BSU
008 181216s||||||||xx |||||||||||||| ||und||
020 _a0525945814
040 _cGE_BSU
100 _aChevalier,Tracy
245 _aAngels Falling
260 _aUSA
260 _bDutton
260 _c2001
300 _a324p;20cm.
653 _aAngels Falling
942 _cBK
999 _c44756
_d44756